Quizzes
Events
Quiz Creation
Community
Videos
Private Events
Remove Ads
Sign In
Join for FREE
Feedback
Dark Mode
Quiz Categories
Sports
Geography
Music
Movies
Television
Just For Fun
Miscellaneous
History
Literature
Language
Science
Gaming
Entertainment
Religion
Holiday
For Kids
Quiz Lab
Recent
Popular Today
Quiz Kudos Today
Editor Picks
Curator Picks
Quizzes by...
Day
Popularity
Type
Ratings
Length
Year
Community
Subscriptions
Recent Discussions
Orange Saloon
Badges
Playlists
Quests
Create
Leaderboards
Showdown
Live 5
Trivia Bingo
Activity
Puzzle Library
Sporcle Events
Private Events
Virtual Trivia
Globe League
Become a Host
Pub Owners
SporcleCon
Opinionation
Our Games
Videos
Blog
Mobile Apps
Partnerships
Remove Ads and Go Orange
Feedback
Miscellaneous
Crossword
General Knowledge
Baby Names
Logo
Food
Cars
Numbers
Grab Bag
University
College
Popular
Company
Slogans
Restaurants
Justice
Letter
Miscellaneous
Crossword
General Knowledge
Baby Names
Logo
Food
Cars
Numbers
Grab Bag
University
College
Popular
Company
Slogans
Restaurants
Justice
Letter
Random Quiz
Search Sporcle
×
Quiz Lab
Quiz Lab
Miscellaneous
Animal
Type answers based on single images at one time
Type answers based on single images at one time
Slideshow
Best Score? Go Orange.
Cool Animal Slideshow Stats
Can you name these extremely Cool Animals?
By
elzasezra
4m
30 Questions
250 Plays
250 Plays
250 Plays
Comments
Comments
Give Quiz Kudos
Give Quiz Kudos
-
- Ratings
hide this ad
More Info
Replay
Link that replays current quiz
Next Quiz
Link to next quiz in quiz playlist
You Got
0%
They Got
Avg Score
79%
Avg Friend Score
Upgrade to see
Score Distribution
Jump to the score distribution portion of the page
Score
0/30
Timer
04:00
0
Plays Today
% Correct
Teacup Pig
99.2%
Lamb
93.2%
Kangaroo
90%
Dog
87.6%
Duck
87.1%
Frog
86.7%
Elephant
85.5%
Cheetah
85.5%
Chicken
85.1%
Penguin
82.7%
Pony
80.7%
Owl
79.9%
Giant Panda
79.9%
Cat
79.5%
Tiger
79.1%
% Correct
Rabbit
78.3%
Koala
77.9%
Zebra
76.7%
Meerkat
76.7%
Otter
76.7%
Hamster
76.3%
Seal
75.5%
Monkey
75.1%
Raccoon
74.3%
Squirrel
73.9%
Guinea Pig
73.5%
Sloth
70.3%
Vultures
69.9%
Gecko
69.5%
Platypus
69.1%
Quiz Playlist
Details
Report
Send in Message
Add To Playlist
More Info:
Name the animals which are being cool (just in their own way)!
Slideshow:
Type answers based on single images at one time
Quiz Source
Last Updated: Dec 12, 2017
Quiz Scoreboard
CHALLENGE
Sign Up to Join the Scoreboard
Show All
Scores
Hide
Comments
May contain spoilers
Recently Published
College Basketball Coaching Resumes
by pancakes188
Sports
9m
Billboard Blitz: Fleetwood Mac
by CooCooCachoo
Music
15s
Presidents Visiting Landmarks
by Hejman
History
7m
More to Explore
Quiz From the Vault
Featured Blog Post
Where Did the Easter Bunny Come From?
hide this ad
You Might Also Like...
Tags
Animal Quiz
cool
Secret Santa
Today's Top Quizzes in Miscellaneous
Browse Miscellaneous
hide this ad
Today's Top Quizzes in Animal
Browse Animal
Top Contributed Quizzes in Miscellaneous
1
5-to-1: Fast Food
2
The JOE quick-fire general knowledge quiz: Day 174
3
The JOE quick-fire general knowledge quiz: Day 173
4
5-to-1: Cocktails
5
The JOE quick-fire general knowledge quiz: Day 172
6
Sunday Crossword: Famous Bodies of Water
7
The JOE quick-fire general knowledge quiz: Day 171
8
One Thing in Common: United Kingdom II
9
Named After an Animal - Odd One Out!
10
The JOE quick-fire quiz: Day 170
Explore More
Trending Topics
Disney
Kpop
NBA
Anime
Harry Potter
Marvel
Crossword
NFL
Soccer
Song
The Office
Country
Pokémon
Puzzle
WWE
hide this ad
More By:
elzasezra
Quiz
Plays
Rating
Category
Featured
Created
Word Ladder: Soccer Talk
26,121
4.47
Just For Fun
Jun 24, 2015
Word Ladder: Car Wars
11,665
4.15
Just For Fun
Jun 25, 2015
FIFA World Cup Logic Quiz
8,487
3.00
Sports
Mar 4, 2013
Country Logic Quiz
7,535
3.59
Geography
Dec 4, 2017
Finish The Lyrics 2012
6,518
4.37
Music
Feb 14, 2013
Go to Creator's Profile
Score Distribution
Quiz Creator Spotlight
elzasezra
Follow
Send a Message
Quizzes Created
-
Created Quiz Play Count
-
More By This Creator
Popular Quizzes Today
1
Find the US States - No Outlines Minefield
2
Find the Countries of Europe - No Outlines Minefield
3
The Countries of the World
4
Find the US States
5
Risky Map Clicking: Biggest States A-Z
6
US States
7
Popular People in 1961
8
Movies - When Are They Set?
More Miscellaneous Quizzes
10 Most Common US Surnames (2000)
Published
Trending Quizzes
Risky Map Clicking: Least Populous States A-Z
1-10 Letter G Words
1-10 Letter F Words
Risky Map Clicking: Next State Alphabetically
Click the Washington State Counties! (Map)
Recently Updated
Leaping Animals
pecheneg
Reality TV Shows (A-Z)
bhenderson79
Rickey Henderson's Hall of Fame Teammates
pecheneg
Champions League XIs: Arsenal
pecheneg
Quick Pick: Celebrities in WWE's Hall of Fame
aduchscher
A-Z Keypad Blitz II
pecheneg
Multiple Oscar Actors
pecheneg
Mystery Phrase Blitz: Oscar 'Best Actors'
pecheneg
F. Scott Fitzgerald Novels
LTH
Pick 3 Villains
ddd62291
Trending Topics
NBA
Kpop
Disney
Harry Potter
Crossword
Marvel
Anime
Pokémon
Country
NFL
Soccer
WWE
The Office
Song
Puzzle
Your Account Isn't Verified!
In order to create a playlist on Sporcle, you need to verify the email address you used during registration. Go to your
Sporcle Settings
to finish the process.
Report this User
Report this user for behavior that violates our
Community Guidelines
.
Details:
Send Report
Go to the Sporcle.com Mobile Site →
Comments